书目信息 |
| 题名: |
矿山节约用电
|
|
| 作者: | 李纪 著 | |
| 分册: | ||
| 出版信息: | 北京 煤炭工业出版社 1981.4 |
|
| 页数: | 226页 | |
| 开本: | 20cm | |
| 丛书名: | ||
| 单 册: | ||
| 中图分类: | TD602 | |
| 科图分类: | ||
| 主题词: | 矿山电工 | |
| 电子资源: | ||
| ISBN: | ||
| 000 | 00471nam0 2200181 45 | |
| 001 | 0312221749 | |
| 005 | 20060508150327.35 | |
| 010 | @dCNY1.00 | |
| 100 | @a20031222d1981 km y0chiy0120 ea | |
| 101 | @achi | |
| 200 | 1 | @a矿山节约用电@AKuang Shan Jie Yue Yong Dian@f李纪著@FLi Ji Zhu |
| 210 | @a北京@c煤炭工业出版社@d1981.4 | |
| 215 | @a226页@d20cm | |
| 606 | 0 | @a矿山电工 |
| 690 | @aTD602@v3 | |
| 701 | 0 | @a李纪@4著 |
| 801 | @aCN@bTSTCL@c20060508 | |
| 905 | @a213230@dTD602@e1 | |
| 矿山节约用电/李纪著.-北京:煤炭工业出版社,1981.4 |
| 226页;20cm |
| ISBN :CNY1.00 |
| ● |
| 相关链接 |
|
|
|
|
正题名:矿山节约用电
索取号:TD602/1
 
预约/预借
| 序号 | 登录号 | 条形码 | 馆藏地/架位号 | 状态 | 备注 |
| 1 | 0074165 | 202333536 | 密集书库/ [索取号:TD602/1] | 在馆 |